000 01335 a2200181 4500
001 139429
040 _cLeonardo Da Vinci
041 _aPortuguês
082 _a530 B699fb
_bB699fb
100 _aBONJORNO, Regina F. S. Azenha
_aBONJORNO, José Roberto
_aBONJORNO, Valter
245 _aFísica
_bcinemática; cinemática vetorial; dinâmica; gravitação universal; estática; mecânica dos fluidos
250 _av.1
260 _bFTD
_c1985
_aSão Paulo
300 _a320
362 _a19850000
697 _aFísica
_aPotência de dez
_aCinemática
_aRepouso
_aMovimento
_aVelocidade
_aAceleração
_aMovimento uniforme
_aMovimento uniformemente variado - MUV
_aEquação de Torricelli
_aGráficos
_aDiagramas
_aQueda dos corpos
_aVetores
_aMovimentos circulares
_aDinâmica
_aInércia
_aForça
_aDinamômetros
_aLeis de Newton
_aLei de Hooke
_aAtrito
_aForça
_aMovimento circular
_aTrabalho
_aPotência
_aEnergia
_aImpulsos
_aMovimentos
_aChoque
_aGravitação Universal
_aLei de Kepler
_aVelocidade de escape
_aLeis de gravitação
_aEstática
_aTeorema de Varignon
_aEquilíbrio do corpo
_aMáquinas simples
_aTalha exponencial
_aAlavanca
_aMecânica dos fluídos
_aDensidade
_aPressão
_aTeorema de Stevin
_aTeorema de Pascal
_aExperiência de Torricelli
_aPrensa hidráulica
_aEmpuxo
_aTeorema de Arquimedes
_aCorpos imersos
_aCorpos flutuantes
_aEnsino Médio
942 _cBK
999 _c139429
_d139429